<?xml version="1.0" encoding="UTF-8"?>
<marc:record xmlns:marc="http://www.loc.gov/MARC21/slim">
   <marc:leader>00000nam a2200000 a 4500</marc:leader>
   <marc:datafield ind1="1" ind2=" " tag="100">
      <marc:subfield code="a">Kuhn, Wibke</marc:subfield>
      <marc:subfield code="4">trl</marc:subfield>
      <marc:subfield code="e">Übersetzer/-in</marc:subfield>
   </marc:datafield>
   <marc:datafield ind1="1" ind2=" " tag="100">
      <marc:subfield code="a">Thalbach, Katharina</marc:subfield>
   </marc:datafield>
   <marc:datafield ind1="1" ind2=" " tag="100">
      <marc:subfield code="a">Jonasson, Jonas</marc:subfield>
   </marc:datafield>
   <marc:datafield ind1="0" ind2="0" tag="245">
      <marc:subfield code="a">Die Analphabetin, die rechnen konnte</marc:subfield>
   </marc:datafield>
   <marc:datafield ind1="0" ind2="0" tag="245">
      <marc:subfield code="c">Jonas Jonasson. Gelesen von Katharina Thalbach. Aus dem Schwed. von Wibke Kuhn</marc:subfield>
   </marc:datafield>
   <marc:datafield ind1=" " ind2="1" tag="264">
      <marc:subfield code="a">München</marc:subfield>
      <marc:subfield code="b">Der Hörverl. GmbH</marc:subfield>
      <marc:subfield code="c">2013</marc:subfield>
   </marc:datafield>
   <marc:datafield ind1="1" ind2=" " tag="520">
      <marc:subfield code="a">Mit fünf fing sie an zu arbeiten, mit zehn wurde sie Waise, mit fünfzehn wäre sie fast gestorben. Im Grunde deutet alles darauf hin, dass sie ihr Dasein in ihrer Hütte im größten Slum Südafrikas fristen würde. Wenn sie nicht die gewesen wäre, die sie war, aber die war sie eben. Nombeko Mayeki war die Analphabetin, die rechnen konnte. Das Schicksal führt sie in die internationale Politik, auf die andere Seite des Erdballs. Auf ihrer Reise gelingt es ihr, dem meistgefürchteten Geheimdienst der Welt auf der Nase herumzutanzen, bis sie sich eines Tages eingesperrt im Laderaum eines Lieferwagens wiederfindet. Und in diesem Moment schwebt die ganze Welt, wie wir sie kennen, in höchster Gefahr.</marc:subfield>
   </marc:datafield>
   <marc:datafield ind1="0" ind2=" " tag="490">
      <marc:subfield code="v">0</marc:subfield>
   </marc:datafield>
   <marc:datafield ind1=" " ind2=" " tag="300">
      <marc:subfield code="a">cs. 7 Std. 56 Min.</marc:subfield>
   </marc:datafield>
</marc:record>
